[Event "ch-Frankfurt A"]
[Site "Frankfurt Main"]
[Date "2025.05.19"]
[Round "4.1"]
[White "Kupriyanov, Daniel"]
[Black "Krause, Jonah"]
[Result "0-1"]
[WhiteElo "2112"]
[BlackElo "2361"]
[PlyCount "82"]
[EventDate "2025.04.28"]
[EventType "swiss"]
[EventRounds "7"]
[EventCountry "GER"]
[BlackTeam "FC ST.Pauli 1910 eV SAbt"]

1. d4 Nf6 2. Nf3 g6 3. c4 Bg7 4. e3 O-O 5. Be2 c5 6. d5 d6 7. Nc3 e6 8. e4 Re8 9. O-O exd5 10. exd5 Bf5 11. Bd3 Bg4 12. h3 Bxf3 13. Qxf3 Nbd7 14. Qd1 Nh5 15. Be2 Bxc3 16. bxc3 Qh4 17. Kh2 Ng7 18. g3 Qe7 19. Bg4 f5 20. Bf3 Ne5 21. Be2 h5 22. h4 Ng4+ 23. Bxg4 fxg4 24. Bf4 Nf5 25. Re1 Qxe1 26. Qxe1 Rxe1 27. Rxe1 Kf7 28. Re6 Re8 29. Bxd6 Rxe6 30. dxe6+ Kxe6 31. Bxc5 Ke5 32. Bxa7 Ke4 33. c5 Kd3 34. Kg2 Kxc3 35. Kf1 Nd4 36. Ke1 Kd3 37. Bb6 Nc2+ 38. Kd1 Na3 39. Ke1 Nc4 40. Kd1 Nb2+ 41. Kc1 Na4 0-1

[Event "ch-Frankfurt A"]
[Site "Frankfurt Main"]
[Date "2025.05.19"]
[Round "4.2"]
[White "Neukirchner, Pascal"]
[Black "Mayer, Frank"]
[Result "1-0"]
[WhiteElo "2245"]
[BlackElo "1984"]
[PlyCount "61"]
[EventDate "2025.04.28"]
[EventType "swiss"]
[EventRounds "7"]
[EventCountry "GER"]
[WhiteTeam "Heilbronner SV"]
[BlackTeam "Wiesbadener SV 1885"]

1. Nf3 d5 2. g3 c5 3. Bg2 Nf6 4. O-O e6 5. d3 Be7 6. Nbd2 O-O 7. e4 Nc6 8. Re1 b5 9. e5 Nd7 10. Nf1 a5 11. h4 a4 12. a3 Bb7 13. h5 h6 14. N1h2 Re8 15. Ng4 Bf8 16. Bf4 Ra7 17. Qc1 f5 18. exf6 Nxf6 19. Nxf6+ Qxf6 20. Nh2 Qf7 21. Qd1 e5 22. c4 Nd4 23. Bxe5 dxc4 24. dxc4 Bxg2 25. Bxd4 Rxe1+ 26. Qxe1 cxd4 27. Kxg2 bxc4 28. Qe4 Qb7 29. Re1 Be7 30. Nf3 Bf6 31. Qe8+ 1-0

[Event "ch-Frankfurt A"]
[Site "Frankfurt Main"]
[Date "2025.05.19"]
[Round "4.3"]
[White "Cwiek, Ryszard"]
[Black "Leimeister, Erhard"]
[Result "1-0"]
[WhiteElo "2031"]
[BlackElo "2209"]
[PlyCount "79"]
[EventDate "2025.04.28"]
[EventType "swiss"]
[EventRounds "7"]
[EventCountry "GER"]
[BlackTeam "SV 1934 Ffm-Griesheim"]

1. e4 c5 2. Nf3 g6 3. c4 Nc6 4. d4 cxd4 5. Nxd4 Nf6 6. Nc3 d6 7. f3 Bg7 8. Be3 O-O 9. Qd2 Nxd4 10. Bxd4 Be6 11. Rc1 Qa5 12. Be2 a6 13. O-O Rfc8 14. b3 b5 15. cxb5 axb5 16. Rfd1 b4 17. Na4 Nd7 18. Bxg7 Kxg7 19. Qd4+ Kg8 20. Rxc8+ Rxc8 21. Bd3 Nc5 22. Nxc5 dxc5 23. Qb2 Rd8 24. Qe2 Rd4 25. f4 Qd8 26. Kf2 c4 27. bxc4 Bxc4 28. Ke3 Qb6 29. Kf3 Qd6 30. Ke3 Qc5 31. Kf3 Qh5+ 32. Ke3 Qc5 33. Kf3 Be6 34. g4 g5 35. f5 Bd7 36. Qe3 Qd6 37. Qxg5+ Kf8 38. Qe3 Bb5 39. e5 Qd5+ 40. Be4 1-0

[Event "ch-Frankfurt A"]
[Site "Frankfurt Main"]
[Date "2025.05.19"]
[Round "4.4"]
[White "Ewers, Christian"]
[Black "Engel, Manfred"]
[Result "1/2-1/2"]
[WhiteElo "1880"]
[BlackElo "2234"]
[PlyCount "20"]
[EventDate "2025.04.28"]
[EventType "swiss"]
[EventRounds "7"]
[EventCountry "GER"]
[BlackTeam "SC Frankfurt-West"]

1. e4 c5 2. Nf3 Nc6 3. d4 cxd4 4. Nxd4 g6 5. Nc3 Bg7 6. Nde2 d6 7. h3 f5 8. exf5 Bxf5 9. g4 Be6 10. Bg2 Nf6 1/2-1/2

[Event "ch-Frankfurt A"]
[Site "Frankfurt Main"]
[Date "2025.05.19"]
[Round "4.5"]
[White "Schweitzer, Stefan"]
[Black "Zimmer, Gerald"]
[Result "1-0"]
[WhiteElo "1833"]
[BlackElo "1951"]
[PlyCount "79"]
[EventDate "2025.04.28"]
[EventType "swiss"]
[EventRounds "7"]
[EventCountry "GER"]
[WhiteTeam "SF Frankfurt 1921"]
[BlackTeam "SC Bergen-Enkheim 1922"]

1. c4 Nf6 2. g3 g6 3. Bg2 Bg7 4. Nc3 c6 5. e4 d6 6. Nge2 O-O 7. O-O Qc7 8. d3 Nbd7 9. h3 b6 10. Be3 Bb7 11. Qd2 e5 12. f4 a5 13. f5 Nc5 14. g4 Nfd7 15. Ng3 Qd8 16. Bg5 f6 17. Be3 g5 18. Kf2 Kf7 19. Rh1 h6 20. Rh2 Qe7 21. Rah1 Rh8 22. h4 Ba6 23. hxg5 hxg5 24. Nh5 Rag8 25. Ne2 Bf8 26. b3 Qd8 27. Nhg3 Be7 28. d4 exd4 29. Nxd4 Ne5 30. Bf3 Bb7 31. Rh7+ Rxh7 32. Rxh7+ Rg7 33. Rh5 Qg8 34. Qd1 Ncd3+ 35. Kg1 Nf4 36. Rh2 d5 37. Ne6 Nxe6 38. fxe6+ Kxe6 39. exd5+ cxd5 40. Bxd5+ 1-0

[Event "ch-Frankfurt A"]
[Site "Frankfurt Main"]
[Date "2025.05.19"]
[Round "4.6"]
[White "Lenhard, Martin"]
[Black "Fröhlich-Dill, Astrid"]
[Result "1/2-1/2"]
[WhiteElo "2004"]
[BlackElo "1781"]
[PlyCount "102"]
[EventDate "2025.04.28"]
[EventType "swiss"]
[EventRounds "7"]
[EventCountry "GER"]
[WhiteTeam "SV 1920 Hofheim"]
[BlackTeam "SV 1920 Hofheim"]

1. e4 e6 2. d4 d5 3. Nd2 dxe4 4. Nxe4 b6 5. Nf3 Bb7 6. Bd3 h6 7. O-O Nd7 8. c3 Ngf6 9. Qe2 Be7 10. Bf4 Nh5 11. Bd2 Nhf6 12. Rfe1 O-O 13. Rad1 Nxe4 14. Bxe4 Bxe4 15. Qxe4 Nf6 16. Qe2 b5 17. Ne5 Qd5 18. b3 Bd6 19. Bf4 Qb7 20. Bg3 a5 21. Bh4 Nd5 22. Qf3 c6 23. Rb1 Qc7 24. Bg3 b4 25. c4 Nc3 26. Rb2 Rac8 27. c5 Bxe5 28. Bxe5 Qd7 29. Qg4 f6 30. Bd6 f5 31. Qf3 Rfe8 32. Be5 Qf7 33. h4 Ne4 34. Qe3 Qh5 35. f3 Nc3 36. g3 Nd5 37. Qf2 Nc3 38. Kg2 Qg6 39. Kh2 Nd5 40. Rg1 h5 41. Qe1 Nc3 42. Rbg2 Re7 43. g4 fxg4 44. fxg4 Qe4 45. Qxe4 Nxe4 46. gxh5 Kh7 47. Rxg7+ Rxg7 48. Rxg7+ Kh6 49. Rg6+ Kxh5 50. Rxe6 Kxh4 51. Kg2 Nc3 1/2-1/2

[Event "ch-Frankfurt A"]
[Site "Frankfurt Main"]
[Date "2025.05.19"]
[Round "4.7"]
[White "Perlitz, Sven"]
[Black "Trierweiler, Joachim"]
[Result "1-0"]
[WhiteElo "2120"]
[BlackElo "1836"]
[PlyCount "57"]
[EventDate "2025.04.28"]
[EventType "swiss"]
[EventRounds "7"]
[EventCountry "GER"]
[WhiteTeam "SC 1961 König Nied"]
[BlackTeam "Vorw.Orient Mainz"]

1. e4 b6 2. d4 Bb7 3. Bd3 g6 4. Qe2 Bg7 5. c3 e6 6. Nf3 Ne7 7. Nbd2 d6 8. h4 h6 9. h5 g5 10. Nh2 Nd7 11. O-O c5 12. Ndf3 Qc7 13. Re1 e5 14. dxe5 dxe5 15. Ng4 a6 16. a4 Nc6 17. Ne3 Nf6 18. Nd2 Ne7 19. Nf5 Nxf5 20. exf5 O-O 21. Ne4 Bxe4 22. Bxe4 Ra7 23. Bd3 Qc8 24. Be3 e4 25. Bc4 Qxf5 26. Bxa6 Nxh5 27. g4 Nf4 28. gxf5 Nxe2+ 29. Bxe2 1-0

[Event "ch-Frankfurt A"]
[Site "Frankfurt Main"]
[Date "2025.05.19"]
[Round "4.8"]
[White "Dolidze, David"]
[Black "Rondonuwu, Grover"]
[Result "1-0"]
[WhiteElo "1809"]
[BlackElo "2011"]
[PlyCount "99"]
[EventDate "2025.04.28"]
[EventType "swiss"]
[EventRounds "7"]
[EventCountry "GER"]
[WhiteTeam "SC Eschborn 1974"]
[BlackTeam "Sabt Frankfurter TV 1860"]

1. e4 c5 2. Nf3 g6 3. d4 cxd4 4. Qxd4 Nf6 5. Nc3 Nc6 6. Qa4 d6 7. e5 dxe5 8. Nxe5 Qd4 9. Nxc6 Qxa4 10. Nxa4 bxc6 11. Bd3 Bg7 12. O-O O-O 13. Bd2 Nd5 14. Rad1 Re8 15. b3 e5 16. c4 Ne7 17. Bc3 g5 18. Rfe1 Ng6 19. Be4 Ne7 20. Bb4 Bf5 21. Bxe7 Bxe4 22. Bxg5 Bf5 23. Rd6 Rac8 24. Red1 Be6 25. f3 f6 26. Be3 Bf8 27. R6d2 Bb4 28. Re2 a5 29. Bc5 Rcd8 30. Rxd8 Rxd8 31. Bxb4 axb4 32. Kf2 Kf7 33. Ke1 Bf5 34. Rd2 Rxd2 35. Kxd2 Ke7 36. Nc5 Kd6 37. Nd3 Bxd3 38. Kxd3 f5 39. g4 Ke6 40. c5 e4+ 41. Ke3 exf3 42. g5 f4+ 43. Kxf3 Ke5 44. h3 Kf5 45. h4 Ke5 46. h5 Kf5 47. g6 hxg6 48. hxg6 Kxg6 49. Kxf4 Kf6 50. Ke4 1-0

[Event "ch-Frankfurt A"]
[Site "Frankfurt Main"]
[Date "2025.05.19"]
[Round "4.9"]
[White "Rutsatz, Mario"]
[Black "Bittner, Peter"]
[Result "1/2-1/2"]
[WhiteElo "1913"]
[BlackElo "1892"]
[PlyCount "139"]
[EventDate "2025.04.28"]
[EventType "swiss"]
[EventRounds "7"]
[EventCountry "GER"]
[WhiteTeam "SC 1961 König Nied"]
[BlackTeam "SC 1961 König Nied"]

1. Nf3 d5 2. e3 Nf6 3. c4 c6 4. Nc3 Bg4 5. Qb3 Qb6 6. Ne5 e6 7. Nxg4 Nxg4 8. Be2 Nf6 9. O-O Bd6 10. d4 Qxb3 11. axb3 Nbd7 12. Bf3 O-O 13. e4 dxe4 14. Nxe4 Nxe4 15. Bxe4 Nf6 16. Bf3 e5 17. Be3 a6 18. Rad1 h6 19. g4 Rfe8 20. h4 exd4 21. Bxd4 Be5 22. g5 hxg5 23. hxg5 Nh7 24. Be3 Rad8 25. Bc1 Bd6 26. Bg4 Nf8 27. Rfe1 Rxe1+ 28. Rxe1 Bb4 29. Rd1 Rxd1+ 30. Bxd1 Ne6 31. Kg2 Kf8 32. f4 g6 33. Kf3 Ke7 34. Be3 Kd6 35. Ke4 Nc5+ 36. Kf3 Nd3 37. Bd4 Ke6 38. Ke3 Nc5 39. Bg4+ Kd6 40. Be5+ Ke7 41. Bf6+ Kd6 42. Bg7 Ke7 43. Bd1 b6 44. Bf6+ Kd6 45. Bc2 Nd7 46. Bg7 Ke7 47. f5 gxf5 48. Bxf5 Nc5 49. Bf6+ Kd6 50. Bc2 Ne6 51. Ke4 Bd2 52. Kf5 Bxg5 53. Bxg5 Nd4+ 54. Kf6 Nxc2 55. Kxf7 c5 56. Bf6 a5 57. Bd8 Kc6 58. Ke6 Nd4+ 59. Ke5 Nxb3 60. Ke4 b5 61. cxb5+ Kxb5 62. Kd3 a4 63. Kc3 Nd4 64. Bf6 Ne2+ 65. Kc2 Kc4 66. Be7 Nd4+ 67. Kb1 Kb5 68. Ka2 c4 69. Bf6 Nc2 70. Bg7 1/2-1/2

[Event "ch-Frankfurt A"]
[Site "Frankfurt Main"]
[Date "2025.05.19"]
[Round "4.11"]
[White "Rabiya, Karim"]
[Black "Rennhack, Peer"]
[Result "1-0"]
[WhiteElo "1801"]
[BlackElo "1949"]
[PlyCount "75"]
[EventDate "2025.04.28"]
[EventType "swiss"]
[EventRounds "7"]
[EventCountry "GER"]
[WhiteTeam "SK Niederbrechen 1948"]
[BlackTeam "Sabt Frankfurter TV 1860"]

1. e4 Nf6 2. e5 Nd5 3. d4 d6 4. c4 Nb6 5. f4 dxe5 6. fxe5 Nc6 7. Be3 Bf5 8. Nc3 e6 9. Nf3 Be7 10. d5 exd5 11. cxd5 Nb4 12. Nd4 Qc8 13. a3 Bg4 14. Qb3 Na6 15. Bb5+ Bd7 16. e6 fxe6 17. Nxe6 Bf6 18. Rc1 Ke7 19. d6+ cxd6 20. Nd5+ Nxd5 21. Rxc8 Raxc8 22. Bxd7 Kxd7 23. Qxd5 Rhe8 24. Qxb7+ Nc7 25. Nxc7 Rxc7 26. Qb5+ Kd8 27. Kd2 Re5 28. Qd3 h6 29. h4 Rce7 30. Rh3 Rb7 31. Bd4 Reb5 32. b4 a5 33. Bxf6+ gxf6 34. Qd4 axb4 35. Qxf6+ Kd7 36. Rd3 R7b6 37. Qf7+ Kd8 38. Rg3 1-0

[Event "ch-Frankfurt A"]
[Site "Frankfurt Main"]
[Date "2025.05.19"]
[Round "4.13"]
[White "Nickel, Jonas"]
[Black "Hensel, Roman"]
[Result "0-1"]
[WhiteElo "1927"]
[BlackElo "1781"]
[PlyCount "124"]
[EventDate "2025.04.28"]
[EventType "swiss"]
[EventRounds "7"]
[EventCountry "GER"]
[WhiteTeam "Schachdrachen Büdingen-Wächtersb"]
[BlackTeam "SV Oberursel"]

1. d4 d5 2. c4 c6 3. cxd5 cxd5 4. Nc3 Nf6 5. f3 Bf5 6. Qb3 Nc6 7. e4 dxe4 8. d5 Na5 9. Qa4+ Bd7 10. Bb5 exf3 11. Nxf3 a6 12. Bxd7+ Nxd7 13. O-O b5 14. Qh4 g6 15. Bg5 Qb6+ 16. Kh1 Nf6 17. Bh6 Bxh6 18. Qxh6 b4 19. Na4 Qb5 20. b3 Rd8 21. Rae1 Rxd5 22. Qe3 O-O 23. Qxe7 Rf5 24. Qe2 Qxe2 25. Rxe2 Rd8 26. Rc1 Rfd5 27. Kg1 Rd1+ 28. Rxd1 Rxd1+ 29. Kf2 Nc6 30. Rc2 Nd4 31. Nxd4 Rxd4 32. Ke3 Rd6 33. Rc4 a5 34. h3 Kg7 35. Rc5 Rd5 36. Rc7 Rg5 37. Kf3 Rf5+ 38. Ke2 Nd5 39. Rc4 Nf4+ 40. Kf3 Nxh3+ 41. Ke3 Ng5 42. Rc5 Kf6 43. Rxf5+ Kxf5 44. Nc5 Kg4 45. Kf2 h5 46. Nb7 Ne4+ 47. Kg1 Nc3 48. Nxa5 Nxa2 49. Nc6 f5 50. Ne5+ Kg5 51. Nd3 f4 52. Ne5 Kf5 53. Nd3 g5 54. Kf2 g4 55. Ke2 h4 56. Kf2 Kg5 57. Ne5 Nc1 58. Nc6 Nd3+ 59. Ke2 h3 60. gxh3 gxh3 61. Kf3 Ne1+ 62. Kf2 h2 0-1

[Event "ch-Frankfurt A"]
[Site "Frankfurt Main"]
[Date "2025.05.19"]
[Round "4.16"]
[White "Ghaznavi, Massoud"]
[Black "Shanawaz Thabrez, Shahzaib"]
[Result "0-1"]
[WhiteElo "1616"]
[BlackElo "1898"]
[PlyCount "66"]
[EventDate "2025.04.28"]
[EventType "swiss"]
[EventRounds "7"]
[EventCountry "GER"]
[WhiteTeam "SV Oberursel"]
[BlackTeam "SK Langen"]

1. e4 e5 2. Nf3 Nc6 3. Bc4 Nf6 4. d3 Bc5 5. O-O d6 6. h3 Be6 7. Bb5 a6 8. Ba4 O-O 9. Bg5 Ne7 10. Be3 Bxe3 11. fxe3 c5 12. c3 Qc7 13. Bc2 d5 14. Ng5 Bd7 15. Rxf6 h6 16. Rxf7 Rxf7 17. Nxf7 Kxf7 18. Qf3+ Kg8 19. exd5 Rf8 20. Qe4 Qd6 21. c4 Qf6 22. Na3 Ng6 23. d4 Qf2+ 24. Kh1 Bf5 25. Qf3 Bxc2 26. Qxf2 Rxf2 27. Kg1 Rd2 28. dxc5 Be4 29. d6 Rxg2+ 30. Kf1 Kf7 31. b4 Nh4 32. d7 Bd3+ 33. Ke1 Nf3+ 0-1

[Event "ch-Frankfurt A"]
[Site "Frankfurt Main"]
[Date "2025.05.19"]
[Round "4.21"]
[White "Gutacker, Stephan"]
[Black "Müller, Jens"]
[Result "1/2-1/2"]
[WhiteElo "1932"]
[BlackElo "1692"]
[PlyCount "118"]
[EventDate "2025.04.28"]
[EventType "swiss"]
[EventRounds "7"]
[EventCountry "GER"]
[WhiteTeam "Sfr.1932 Kelkheim"]
[BlackTeam "SV 1920 Hofheim"]

1. e4 c6 2. d4 d5 3. Nc3 dxe4 4. Nxe4 Bf5 5. Ng3 Bg6 6. Nf3 Nd7 7. Nh4 Qc7 8. Nxg6 hxg6 9. Be3 Ngf6 10. Be2 e6 11. Qd2 Bd6 12. O-O-O O-O-O 13. c4 e5 14. Kb1 exd4 15. Bxd4 Bc5 16. Qc2 Qf4 17. Bxc5 Nxc5 18. b4 Nce4 19. Nxe4 Nxe4 20. Bd3 Nf6 21. h3 Kb8 22. Rhe1 Rhe8 23. Rxe8 Rxe8 24. Kb2 Ne4 25. g3 Qf6+ 26. Kb3 Qf3 27. Ka4 Nc3+ 28. Qxc3 Qxd1+ 29. Bc2 Qc1 30. Qd3 Qb2 31. Bb3 Qf6 32. f4 Qd8 33. Qc3 Qb6 34. b5 cxb5+ 35. cxb5 Re4+ 36. Ka3 Qd6+ 37. Kb2 Re2+ 38. Bc2 Qd2 39. Qc5 Re8 40. a4 Rd8 41. Qe5+ Qd6 42. Qxg7 Qd4+ 43. Qxd4 Rxd4 44. Kc3 Rd8 45. f5 g5 46. h4 gxh4 47. gxh4 Rh8 48. Bb3 f6 49. Kd4 Kc7 50. Kd5 Kd7 51. a5 Rxh4 52. a6 b6 53. Bc2 Rb4 54. Bd3 Rb3 55. Kc4 Rxd3 56. Kxd3 Kd6 57. Kd4 Kc7 58. Kd5 Kd7 59. Ke4 Kd6 1/2-1/2

[Event "ch-Frankfurt A"]
[Site "Frankfurt Main"]
[Date "2025.05.19"]
[Round "4.22"]
[White "Grinberg, Igor"]
[Black "Börsch, Dieter"]
[Result "0-1"]
[WhiteElo "1600"]
[BlackElo "1800"]
[PlyCount "50"]
[EventDate "2025.04.28"]
[EventType "swiss"]
[EventRounds "7"]
[EventCountry "GER"]
[WhiteTeam "SAbt TuS Makkabi Ffm"]
[BlackTeam "SK Bad Homburg 1927"]

1. d4 c5 2. Nf3 Nf6 3. Bf4 cxd4 4. Nxd4 d6 5. Nf3 g6 6. Nbd2 Bg7 7. c3 O-O 8. h3 Nc6 9. e3 Qb6 10. Qb3 Qc7 11. Be2 Be6 12. Qc2 Rac8 13. Qb1 a6 14. Nd4 Bd7 15. Nxc6 Bxc6 16. O-O b5 17. Bf3 Qb7 18. a4 b4 19. cxb4 Nd5 20. b5 axb5 21. axb5 Qxb5 22. Ra3 Nxf4 23. Rb3 Nxh3+ 24. gxh3 Qg5+ 25. Kh2 Qh4 0-1

[Event "ch-Frankfurt A"]
[Site "Frankfurt Main"]
[Date "2025.05.19"]
[Round "4.25"]
[White "Heß, Steffen"]
[Black "Roth, Daniel"]
[Result "1-0"]
[WhiteElo "2081"]
[BlackElo "1804"]
[PlyCount "101"]
[EventDate "2025.04.28"]
[EventType "swiss"]
[EventRounds "7"]
[EventCountry "GER"]
[WhiteTeam "SC Groß-Zimmern"]
[BlackTeam "SC Matt im Park Ffm"]

1. d4 d5 2. Nf3 Nf6 3. e3 Bg4 4. c4 e6 5. Nc3 Bxf3 6. Qxf3 Be7 7. Bd3 O-O 8. O-O c6 9. b3 Nbd7 10. Bb2 Re8 11. Rad1 Qa5 12. a3 e5 13. cxd5 exd4 14. exd4 cxd5 15. b4 Qb6 16. Nxd5 Nxd5 17. Qxd5 Nf6 18. Qb3 Bd6 19. g3 Re7 20. Rfe1 Rae8 21. Rxe7 Rxe7 22. Qc4 Rc7 23. Qb5 Qxb5 24. Bxb5 Rc2 25. Bc1 h6 26. Bd3 Rc8 27. Bd2 a6 28. Rc1 Rd8 29. Bf5 Nd7 30. Kg2 Nb6 31. Kf3 g6 32. Be4 Bf8 33. Bxb7 Rxd4 34. Be3 Rd6 35. Bxa6 Nd5 36. Bc4 Nxe3 37. fxe3 Kg7 38. Ke2 Rb6 39. Kd3 Rb7 40. Kc3 Be7 41. Kb3 Bg5 42. Re1 Re7 43. e4 Rd7 44. Re2 Rd1 45. a4 Rb1+ 46. Rb2 Re1 47. Bd5 Bf6 48. Ra2 Rc1 49. a5 Rb1+ 50. Kc4 Be7 51. Ra4 1-0

[Event "ch-Frankfurt A"]
[Site "Frankfurt Main"]
[Date "2025.05.19"]
[Round "4.26"]
[White "Felgendreher, Luke"]
[Black "Bonnaire, Ulrich"]
[Result "0-1"]
[WhiteElo "1681"]
[BlackElo "2135"]
[PlyCount "44"]
[EventDate "2025.04.28"]
[EventType "swiss"]
[EventRounds "7"]
[EventCountry "GER"]
[WhiteTeam "Freibauer Mörlenbach-Birkenau"]
[BlackTeam "SC Frankfurt-West"]

1. e4 d5 2. exd5 Qxd5 3. Nc3 Qd6 4. d4 c6 5. Bc4 Nf6 6. h3 g6 7. Bg5 Bg7 8. Qd2 O-O 9. O-O-O b5 10. Bb3 a5 11. a4 bxa4 12. Bxa4 Be6 13. Nf3 Nbd7 14. Ne5 Nxe5 15. dxe5 Qxe5 16. Bxc6 Ra6 17. Rhe1 Qb8 18. Bf4 Qb4 19. Bf3 Rb6 20. Qe3 Qxb2+ 21. Kd2 Rd8+ 22. Ke2 Bc4+ 0-1

[Event "ch-Frankfurt A"]
[Site "Frankfurt Main"]
[Date "2025.05.19"]
[Round "4.28"]
[White "Basedow, Marc"]
[Black "Raumanns, Niklas"]
[Result "0-1"]
[WhiteElo "1757"]
[BlackElo "1850"]
[PlyCount "122"]
[EventDate "2025.04.28"]
[EventType "swiss"]
[EventRounds "7"]
[EventCountry "GER"]
[WhiteTeam "SC Bad Soden"]
[BlackTeam "SC Bergen-Enkheim 1922"]

1. c4 Nf6 2. g3 c6 3. Bg2 d5 4. b3 e5 5. Bb2 Bd6 6. e3 O-O 7. Ne2 Bf5 8. d4 e4 9. Nd2 Qd7 10. h3 h6 11. c5 Bc7 12. Qc2 b6 13. Ba3 bxc5 14. Bxc5 Bd6 15. Bxd6 Qxd6 16. Qc5 Qxc5 17. dxc5 Na6 18. Rc1 Nb4 19. O-O Nxa2 20. Ra1 Nb4 21. Ra4 Nd3 22. b4 Rfb8 23. Rb1 Bd7 24. Nc1 Ne5 25. Bf1 Nf3+ 26. Nxf3 exf3 27. Nd3 Bf5 28. g4 Bxd3 29. Bxd3 Ne4 30. Ra6 Rc8 31. Rb2 Rc7 32. Rba2 g6 33. Rb6 Kh7 34. Rba6 f5 35. b5 Nxc5 36. Rxc6 Rxc6 37. bxc6 Nxd3 38. c7 Rc8 39. Rxa7 fxg4 40. hxg4 Nc5 41. Kh2 Ne6 42. Kg3 Rxc7 43. Rxc7+ Nxc7 44. Kxf3 Kg7 45. Kf4 Kf6 46. g5+ hxg5+ 47. Kg4 Ne6 48. f3 Ke5 49. Kg3 Kf5 50. Kh3 d4 51. exd4 Nxd4 52. Kg3 Nc2 53. Kg2 Kf4 54. Kf2 Nd4 55. Kg2 Nxf3 56. Kh1 Ne1 57. Kh2 Kf3 58. Kg1 Kg3 59. Kh1 Kf2 60. Kh2 g4 61. Kh1 Nc2 0-1

[Event "ch-Frankfurt A"]
[Site "Frankfurt Main"]
[Date "2025.05.19"]
[Round "4.29"]
[White "Kiel, Gerhard"]
[Black "Friedel, Thomas"]
[Result "0-1"]
[WhiteElo "1758"]
[BlackElo "1709"]
[PlyCount "68"]
[EventDate "2025.04.28"]
[EventType "swiss"]
[EventRounds "7"]
[EventCountry "GER"]
[BlackTeam "SV 1946 Groß-Gerau"]

1. Nf3 Nf6 2. c4 d5 3. e3 Nc6 4. b3 Bf5 5. h3 Nb4 6. d3 dxc4 7. bxc4 Bxd3 8. Qa4+ Nc6 9. Ne5 Bxf1 10. Rxf1 Qd6 11. Nxc6 Qxc6 12. Qxc6+ bxc6 13. Bb2 Nd7 14. Nd2 e6 15. Ke2 f6 16. g4 Bd6 17. f4 e5 18. Ne4 O-O 19. Nxd6 cxd6 20. Rad1 Nb6 21. Rc1 Na4 22. Ba1 Nc5 23. Rf3 e4 24. Rg3 Rab8 25. g5 f5 26. h4 Nd3 27. Rh1 Rb4 28. h5 Rxc4 29. Kd2 Ra4 30. h6 Rxa2+ 31. Kc3 Ra3+ 32. Kd4 Rb8 33. Bc3 Ra4+ 34. Bb4 Raxb4+ 0-1

[Event "ch-Frankfurt A"]
[Site "Frankfurt Main"]
[Date "2025.05.19"]
[Round "4.30"]
[White "von Wahden, Jens"]
[Black "Fernengel, Rudolf"]
[Result "1-0"]
[WhiteElo "1957"]
[BlackElo "1882"]
[PlyCount "103"]
[EventDate "2025.04.28"]
[EventType "swiss"]
[EventRounds "7"]
[EventCountry "GER"]
[WhiteTeam "SV Oberursel"]
[BlackTeam "SC 1910 Höchst"]

1. d4 d6 2. c4 e5 3. d5 f5 4. e4 Nf6 5. Bg5 Be7 6. Bxf6 Bxf6 7. Nc3 O-O 8. Bd3 f4 9. Be2 b6 10. Bg4 Na6 11. Bxc8 Qxc8 12. h3 Nc5 13. b4 Nb7 14. Nf3 Qd7 15. O-O Be7 16. Ne1 Rf6 17. Qa4 Qc8 18. Qa6 Nd8 19. Qxc8 Rxc8 20. Nf3 Rf7 21. a4 Nb7 22. a5 bxa5 23. bxa5 a6 24. Nd2 Nc5 25. Rfb1 Rff8 26. Na4 Rb8 27. Nxc5 dxc5 28. Nf3 Bf6 29. Ne1 Rb4 30. Rxb4 cxb4 31. Rb1 Rb8 32. Nd3 b3 33. Kf1 Kf7 34. Ke2 Ke7 35. Kd2 c6 36. f3 Kd7 37. Nc5+ Kd6 38. Rxb3 Rxb3 39. Nxb3 Bd8 40. c5+ Kd7 41. Kd3 Bh4 42. Kc4 Be1 43. Kd3 Bh4 44. Ke2 g6 45. Nd2 Bd8 46. Nc4 Be7 47. Nxe5+ Kc8 48. d6 Bd8 49. Nxc6 Bh4 50. e5 Kd7 51. Nd4 Bd8 52. c6+ 1-0

[Event "ch-Frankfurt A"]
[Site "Frankfurt Main"]
[Date "2025.05.19"]
[Round "4.33"]
[White "May, Franz"]
[Black "Kuckel, Michael"]
[Result "0-1"]
[WhiteElo "1794"]
[BlackElo "1744"]
[PlyCount "60"]
[EventDate "2025.04.28"]
[EventType "swiss"]
[EventRounds "7"]
[EventCountry "GER"]
[WhiteTeam "Freibauer Mörlenbach-Birkenau"]
[BlackTeam "SC Matt im Park Ffm"]

1. e4 c6 2. d4 d5 3. exd5 cxd5 4. Nc3 Nc6 5. Nf3 Bg4 6. Be2 Nf6 7. O-O e6 8. a3 Bd6 9. h3 Bxf3 10. Bxf3 Qb6 11. Ne2 Rc8 12. Rb1 Bxa3 13. Bg5 Be7 14. c3 O-O 15. Re1 Na5 16. Nf4 Qd8 17. Qe2 Re8 18. Nxe6 fxe6 19. Qxe6+ Kh8 20. Bxf6 Bxf6 21. Qxe8+ Qxe8 22. Rxe8+ Rxe8 23. Bxd5 b5 24. Ra1 Bd8 25. b4 Nc4 26. Rxa7 Bg5 27. Bxc4 bxc4 28. Rc7 Re1+ 29. Kh2 Bf4+ 30. g3 Bxc7 0-1

[Event "ch-Frankfurt A"]
[Site "Frankfurt Main"]
[Date "2025.05.19"]
[Round "4.34"]
[White "Clauss, Hendrik"]
[Black "Shanmuganathan, Adhav"]
[Result "1-0"]
[WhiteElo "1796"]
[BlackElo "1685"]
[PlyCount "71"]
[EventDate "2025.04.28"]
[EventType "swiss"]
[EventRounds "7"]
[EventCountry "GER"]
[WhiteTeam "SC Bergen-Enkheim 1922"]
[BlackTeam "SV 1934 Ffm-Griesheim"]

1. d4 d5 2. Bf4 Nf6 3. e3 c5 4. c3 Bf5 5. Qb3 Qb6 6. Nd2 c4 7. Qxb6 axb6 8. Bxb8 Rxb8 9. b3 b5 10. a4 Ra8 11. f3 Bd7 12. e4 cxb3 13. e5 bxa4 14. Nxb3 Ng8 15. Nc5 e6 16. Nxd7 Kxd7 17. Rxa4 Rxa4 18. Bb5+ Kc7 19. Bxa4 Ne7 20. Ne2 Nc6 21. Kd2 Na5 22. Bb5 Nc4+ 23. Bxc4 dxc4 24. Ra1 g6 25. Ng3 Bh6+ 26. Kc2 Rb8 27. Ne4 Bf8 28. Ng5 b5 29. Nxf7 b4 30. cxb4 Bxb4 31. Rb1 Kc6 32. Ng5 Kd5 33. f4 Kxd4 34. Nxe6+ Kd5 35. Nc7+ Kc6 36. Na6 1-0

[Event "ch-Frankfurt A"]
[Site "Frankfurt Main"]
[Date "2025.05.19"]
[Round "4.37"]
[White "Hofmann, Werner"]
[Black "Winter, Thomas"]
[Result "1-0"]
[WhiteElo "1780"]
[BlackElo "1627"]
[PlyCount "157"]
[EventDate "2025.04.28"]
[EventType "swiss"]
[EventRounds "7"]
[EventCountry "GER"]
[WhiteTeam "SV 1920 Kelsterbach"]
[BlackTeam "SV Oberursel"]

1. d4 d6 2. e3 Nf6 3. Bd3 g6 4. Nd2 Bg7 5. b3 O-O 6. Bb2 Nbd7 7. c4 Re8 8. e4 e5 9. d5 Nc5 10. Bc2 Bg4 11. f3 Bc8 12. Ne2 b6 13. O-O Bb7 14. b4 Ncd7 15. b5 Nc5 16. Ng3 a6 17. a4 Bh6 18. Re1 Qe7 19. Qe2 Bf4 20. Ndf1 axb5 21. axb5 Bg5 22. Reb1 Nfd7 23. Ne3 Nf6 24. Bc1 Qd7 25. Qe1 Qd8 26. Nef1 Nfd7 27. Be3 Bf6 28. Qd2 Bg7 29. Nh1 Rf8 30. Nfg3 Rxa1 31. Rxa1 Bh8 32. Ra3 Qe7 33. Nf2 Nf6 34. Bg5 Qd7 35. Bh6 Re8 36. Ra7 Rb8 37. h4 Bc8 38. h5 Nb7 39. Ra4 Nd8 40. Qg5 Qe8 41. Ra7 Qe7 42. Qh4 Bg7 43. hxg6 fxg6 44. Bg5 Nf7 45. Be3 Qd8 46. Nd3 Bd7 47. Nb4 Ne8 48. Qxd8 Rxd8 49. Nc6 Bxc6 50. bxc6 Bh6 51. Bf2 Bg5 52. Ne2 Bd2 53. Kf1 Bb4 54. Nc1 Bc5 55. Be1 Rb8 56. Ba4 Rc8 57. Bb5 Rb8 58. Nb3 Be3 59. Bf2 Bg5 60. Na1 Kg7 61. Nc2 h5 62. Ba6 Bd8 63. Nb4 Bg5 64. Bb7 Rd8 65. Na2 Bd2 66. Be1 Bxe1 67. Kxe1 Nf6 68. Nc3 Re8 69. Ba6 Re7 70. Na4 Ne8 71. Nxb6 Ng5 72. Na8 Kf6 73. Bc8 h4 74. Ke2 Rh7 75. Bd7 Ke7 76. Nxc7 Nxc7 77. Rxc7 Nf7 78. Be6+ Kd8 79. Rxf7 1-0